<?xml version="1.0" encoding="UTF-8"?>
<record
    xmlns:xsi="http://www.w3.org/2001/XMLSchema-instance"
    xsi:schemaLocation="http://www.loc.gov/MARC21/slim http://www.loc.gov/standards/marcxml/schema/MARC21slim.xsd"
    xmlns="http://www.loc.gov/MARC21/slim">

  <leader>00200nam a2200085   4500</leader>
  <controlfield tag="001">1234541</controlfield>
  <controlfield tag="005">20250928163101.0</controlfield>
  <datafield tag="245" ind1=" " ind2=" ">
    <subfield code="a">KU&#x15E;LAR YASINA G&#x130;DER</subfield>
    <subfield code="c">HASAN AL&#x130; TOPTA&#x15E;</subfield>
  </datafield>
  <datafield tag="260" ind1=" " ind2=" ">
    <subfield code="b">EVEREST YAYINLARI</subfield>
  </datafield>
  <datafield tag="999" ind1=" " ind2=" ">
    <subfield code="c">1234541</subfield>
    <subfield code="d">1234541</subfield>
  </datafield>
  <datafield tag="952" ind1=" " ind2=" ">
    <subfield code="0">0</subfield>
    <subfield code="1">0</subfield>
    <subfield code="2">ddc</subfield>
    <subfield code="4">0</subfield>
    <subfield code="7">0</subfield>
    <subfield code="a">1066</subfield>
    <subfield code="b">1066</subfield>
    <subfield code="d">2025-09-28</subfield>
    <subfield code="l">3</subfield>
    <subfield code="o">D-6</subfield>
    <subfield code="p">10666509</subfield>
    <subfield code="r">2026-04-06 09:30:59</subfield>
    <subfield code="s">2026-04-06</subfield>
    <subfield code="w">2025-09-28</subfield>
    <subfield code="y">BK</subfield>
  </datafield>
</record>
